[Event "Défi"]
[Site "www.echecsemail.com"]
[Date "2026.01.30"]
[Round "1"]
[White "Chomi64"]
[Black "Carabas"]
[WhiteElo "1860"]
[BlackElo "1890"]
[Result "1/2-1/2"]
1.d4 d5
2.Ng1f3 Nb8c6
3.Bc1g5 h6
4.Bg5h4 g5
5.Bh4g3 Bc8g4
6.e3 a6
7.Bf1d3 Qd8d7
8.Nb1d2 O-O-O
9.h3 Bg4xf3
10.Nd2xf3 f5
11.Nf3e5 Nc6xe5
12.Bg3xe5 Rh8h7
13.c4 e6
14.c5 c6
15.b4 Bf8g7
16.Be5xg7 Rh7xg7
17.a4 Qd7c7
18.b5 a5
19.bxc6 bxc6
20.Ra1b1 Kd7
21.Bd3e2 Ng8f6
22.Qd1b3 Ke8
23.Qb3b6 Nf6e4
24.Rb1b3 Rg7d7
25.g3 Kf7
26.Rh1g1 Kg6
27.f3 Ne4f6
28.Kf2 h5
29.Qb6xc7 Rd7xc7
30.Rg1b1 Nf6d7
31.Rb3b7 Rc7c8
32.Be2d3 Rc8b8
33.Rb7xb8 Rd8xb8
34.Rb1xb8 Nd7xb8
35.e4 Nb8d7
36.exd5 exd5
37.Bd3a6 f4
38.gxf4 gxf4
39.Ba6b7 Nd7b8
40.Bb7c8 { nul }1/2-1/2

[Event "Coupe Niveau 3"]
[Site "www.echecsemail.com"]
[Date "2026.01.30"]
[Round "1"]
[White "Verson"]
[Black "Elghribi"]
[WhiteElo "1870"]
[BlackElo "1910"]
[Result "0-1"]
1.d4 Ng8f6
2.Ng1f3 g6
3.Bc1f4 Bf8g7
4.e3 O-O
5.Bf1d3 d6
6.O-O Nb8c6
7.c3 h6
8.Nb1d2 e5
9.Bf4g3 Bc8e6
10.Qd1c2 Nf6h5
11.Ra1d1 Nh5xg3
12.hxg3 f5
13.dxe5 dxe5
14.Nd2c4 Qd8e7
15.e4 Ra8d8
16.exf5 gxf5
17.Rf1e1 e4
18.Nf3d4 Nc6xd4
19.cxd4 exd3
20.Rd1xd3 Qe7f7
21.Nc4e5 Bg7xe5
22.Re1xe5 Rd8d5
23.Qc2d2 Rf8d8
24.Qd2xh6 Rd8d6
25.Qh6h4 Rd5xe5
{ abandon }0-1

[Event "Tournoi n27420"]
[Site "www.echecsemail.com"]
[Date "2026.01.30"]
[Round "1"]
[White "Luc20"]
[Black "Verson"]
[WhiteElo "1820"]
[BlackElo "1820"]
[Result "1/2-1/2"]
1.e4 e6
2.d4 d5
3.exd5 exd5
4.Ng1f3 Ng8f6
5.Bc1g5 Bc8e6
6.Nb1d2 Bf8d6
7.Nf3e5 Nb8d7
8.f4 O-O
9.Bf1e2 h6
10.Bg5h4 c5
11.Ne5xd7 Be6xd7
12.dxc5 Bd6xc5
13.Nd2b3 Bc5b6
14.c3 Rf8e8
15.Nb3d4 Qd8e7
16.h3 Bb6d8
17.O-O Qe7d6
18.Bh4g3 Nf6e4
19.Bg3h2 Bd8h4
20.Nd4f3 Bh4g3
21.Nf3e5 Bg3xh2
22.Kxh2 Bd7f5
23.Be2b5 Re8e7
24.Qd1h5 Bf5h7
25.Ra1d1 Ne4f6
26.Qh5h4 Ra8e8
27.Bb5xe8 Re7xe8
28.Rf1e1 Nf6e4
29.Qh4h5 Bh7g6
30.Ne5xg6 fxg6
31.Qh5xg6 Qd6xf4
32.Kg1 Qf4f2
33.Kh2 Qf2f4
34.Kg1 Qf4f2
35.Kh2 { nul }1/2-1/2

[Event "Tournoi n27421"]
[Site "www.echecsemail.com"]
[Date "2026.01.30"]
[Round "1"]
[White "Nemesis"]
[Black "Verson"]
[WhiteElo "1809"]
[BlackElo "1800"]
[Result "1-0"]
1.e4 e6
2.d4 d5
3.Nb1c3 dxe4
4.Nc3xe4 Nb8d7
5.Ng1f3 Ng8f6
6.Bf1d3 Nf6xe4
7.Bd3xe4 Nd7f6
8.Be4d3 Bf8d6
9.Qd1e2 O-O
10.Bc1g5 Bd6e7
11.O-O-O b6
12.Bg5xf6 Be7xf6
13.Qe2e4 g6
14.Qe4xa8 Qd8d6
15.Qa8e4 c5
16.dxc5 Qd6xc5
17.h4 { abandon }1-0

[Event "Eq:Avalon-O fou d hello :"]
[Site "www.echecsemail.com"]
[Date "2026.01.30"]
[Round "1"]
[White "Biquet"]
[Black "Flo71"]
[WhiteElo "1880"]
[BlackElo "2050"]
[Result "0-1"]
1.e4 d5
2.e5 c5
3.c3 Nb8c6
4.d4 Bc8f5
5.f4 h6
6.dxc5 e6
7.Bf1b5 Bf8xc5
8.Ng1f3 Ng8e7
9.Nf3d4 Bf5e4
10.O-O O-O
11.Kh1 a6
12.Bb5a4 b5
13.Ba4b3 Qd8b6
14.Nd4e2 Ne7f5
15.Ne2g3 Nf5xg3
16.hxg3 Nc6e7
17.Qd1g4 Be4g6
18.Nb1a3 Ne7f5
19.Bb3c2 Bc5xa3
20.bxa3 Nf5xg3
21.Qg4xg3 Bg6xc2
22.Bc1e3 Qb6a5
23.Be3c5 Rf8c8
24.Bc5b4 Qa5c7
25.Rf1f2 Bc2e4
26.Ra1c1 Qc7c4
27.Rc1f1 a5
28.Bb4d6 Qc4xc3
29.Qg3g4 Be4f5
30.Qg4e2 Bf5d3
31.Qe2e1 Bd3xf1
32.Qe1xf1 Qc3c1
33.Kh2 Qc1xf1
34.Rf2xf1 Rc8c2
35.Rf1b1 b4
36.axb4 axb4
37.Rb1xb4 Ra8xa2
38.Rb4b1 Rc2xg2
39.Kh1 Ra2f2
40.Rb1b4 Rg2g4
41.Bd6c5 Rf2f3
42.Kh2 Rf3xf4
43.Rb4b3 Rf4f5
44.Kh3 Rg4c4
45.Bc5d6 d4
46.Kg2 Rc4c3
47.Rb3b8 Kh7
48.Rb8d8 d3
49.Bd6b8 Rc3c2
50.Kg3 d2
51.Rd8d3 Rf5f1
52.Bb8a7 d1Q
53.Rd3xd1 Rf1xd1
{ abandon }0-1

[Event "Défi( 10J+24H/c 10J Max )"]
[Site "www.echecsemail.com"]
[Date "2026.01.30"]
[Round "1"]
[White "Minon"]
[Black "Poison"]
[WhiteElo "1910"]
[BlackElo "1070"]
[Result "1-0"]
1.e4 e5
2.Ng1f3 Nb8c6
3.Bf1c4 Ng8f6
4.Nf3g5 Nf6xe4
5.Ng5xf7 Qd8e7
6.Nf7xh8 d6
7.f3 Ne4g5
8.d3 Bc8f5
9.Bc1xg5 Qe7xg5
10.O-O Qg5e3
11.Rf1f2 Qe3d4
12.c3 Qd4h4
13.g3 Qh4h5
14.Bc4f7 Qh5xf7
15.Nh8xf7 Kxf7
16.g4 Bf5e6
17.f4 exf4
18.Rf2xf4 Kg8
19.Qd1f3 Bf8e7
20.Nb1d2 d5
21.c4 dxc4
22.dxc4 Nc6d4
23.Rf4xd4 Be7b4
24.Qf3xb7 Ra8d8
25.Rd4xd8 Kf7
26.Qb7xb4 Be6xg4
27.Ra1f1 Kg6
28.Qb4e7 Kh5
29.Rd8d5 Kh6
30.Qe7h4 Kg6
31.Qh4xg4 Kh6
32.Qg4h5 1-0

[Event "Coupe Niveau 6"]
[Site "www.echecsemail.com"]
[Date "2026.01.30"]
[Round "1"]
[White "Carrighir"]
[Black "Orosco"]
[WhiteElo "2110"]
[BlackElo "2220"]
[Result "1-0"]
1.e4 e5
2.Ng1f3 Nb8c6
3.Bf1b5 a6
4.Bb5a4 Ng8f6
5.O-O Bf8e7
6.Rf1e1 b5
7.Ba4b3 O-O
8.c3 d6
9.d4 Bc8g4
10.Bc1e3 d5
11.exd5 exd4
12.Be3xd4 Nc6xd4
13.cxd4 Rf8e8
14.Nb1c3 b4
15.Nc3e4 Nf6xd5
16.Ra1c1 a5
17.Bb3a4 Re8f8
18.Ba4c6 Ra8a7
19.Ne4c5 Be7g5
20.Rc1c2 Nd5f4
21.d5 Bg5h6
22.h3 Bg4f5
23.Rc2c1 Qd8f6
24.Nf3e5 Bf5xh3
25.Ne5d7 Qf6g5
26.g3 Nf4g2
27.Re1e5 Qg5xc1
28.Qd1xc1 Bh6xc1
29.Nd7xf8 Kxf8
30.Re5e8 1-0

[Event "Eq:LES CHATTERBOX-Royal Kids :"]
[Site "www.echecsemail.com"]
[Date "2026.01.30"]
[Round "1"]
[White "Hberlioz"]
[Black "Pgo"]
[WhiteElo "1660"]
[BlackElo "1750"]
[Result "1-0"]
1.e4 e5
2.Ng1f3 Nb8c6
3.Bf1c4 Bf8c5
4.d3 Ng8f6
5.Nb1c3 O-O
6.Bc1g5 d6
7.Nc3d5 Bc8g4
8.Nd5xf6 gxf6
9.Bg5h6 Rf8e8
10.h3 Bg4h5
11.Qd1d2 Bh5xf3
12.gxf3 Nc6d4
13.Rh1g1 Kh8
14.Bh6g7 Kg8
15.Bg7xf6 Kf8
16.Qd2h6 1-0

[Event "Défi"]
[Site "www.echecsemail.com"]
[Date "2026.01.30"]
[Round "1"]
[White "Tartu"]
[Black "Felicio"]
[WhiteElo "1670"]
[BlackElo "1920"]
[Result "0-1"]
1.d4 d5
2.c4 c6
3.Ng1f3 Ng8f6
4.Nb1c3 e6
5.Bc1f4 Bf8b4
6.e3 Nf6e4
7.Qd1c2 Qd8a5
8.Nf3d2 Bb4xc3
9.bxc3 Qa5xc3
10.Qc2xc3 Ne4xc3
11.cxd5 Nc3xd5
12.Bf4g3 f5
13.e4 Nd5e7
14.Bf1c4 a5
15.O-O O-O
16.Rf1e1 f4
17.Bg3h4 Ne7g6
18.Nd2f3 b5
19.Bc4d3 Nb8d7
20.Ra1c1 Bc8b7
21.a3 Ng6xh4
22.Nf3xh4 Nd7f6
23.e5 Nf6d5
24.Nh4f3 h6
25.Bd3e4 Ra8d8
26.Be4xd5 exd5
27.h4 Rd8e8
28.Rc1c2 a4
29.Rc2e2 Re8e6
30.Nf3h2 h5
31.f3 Rf8f7
32.Nh2f1 g6
33.Nf1d2 Rf7g7
34.Kh2 g5
35.hxg5 Rg7xg5
36.Nd2f1 Rg5g7
37.Re1c1 Bb7a6
38.Re2c2 Ba6b7
39.g3 Rg7f7
40.gxf4 Rf7xf4
41.Rc2g2 Kh7
42.Rc1d1 Rf4xf3
43.Rg2a2 Re6g6
44.Kh1 Kh6
45.Nf1h2 Rf3f4
46.Ra2g2 Rg6xg2
47.Kxg2 Bb7c8
48.Kg3 Rf4e4
49.Kf3 Bc8d7
50.Rd1d2 Bd7e6
51.Nh2f1 Be6g4
52.Kg3 Kg5
53.Nf1h2 Bg4e6
54.Rd2d3 Be6f5
55.Nh2f3 Kh6
56.Rd3c3 Bf5d7
57.Kf2 h4
58.Kg2 Kh5
59.Rc3c1 Re4e3
60.Rc1a1 Bd7g4
61.Nf3h2 Bg4e6
62.Ra1a2 Be6f5
63.Kf2 Re3d3
64.Nh2f3 Bf5g4
65.Nf3e1 Rd3xd4
66.Ra2c2 Rd4c4
67.Rc2xc4 dxc4
68.Ne1g2 Kg5
69.Ke3 c5
70.Ng2f4 c3
71.Nf4d3 c4
72.Nd3c1 h3
73.Kf2 Kf5
74.Kg3 Kg5
75.Nc1a2 c2
76.Na2c1 c3
77.Nc1d3 Kf5
78.Kh2 Ke4
79.Kg3 Kxd3
{ abandon }0-1

[Event "ZGOUGOU"]
[Site "www.echecsemail.com"]
[Date "2026.01.30"]
[Round "1"]
[White "Legrillon"]
[Black "Youliyouli"]
[WhiteElo "1740"]
[BlackElo "1870"]
[Result "0-1"]
1.e4 e5
2.Ng1f3 Nb8c6
3.Nb1c3 Ng8f6
4.Bf1c4 Bf8c5
5.h3 O-O
6.O-O a6
7.d3 d6
8.Bc1g5 h6
9.Bg5h4 g5
10.Bh4g3 Nf6h5
11.Nf3xe5 Nh5xg3
12.Ne5xc6 bxc6
13.d4 Ng3xf1
14.Kxf1 Bc5b4
15.Nc3e2 d5
16.exd5 cxd5
17.Bc4b3 c6
18.c3 Bb4d6
19.Qd1d3 a5
20.a4 Bc8a6
21.c4 Ra8b8
22.Qd3c2 Rf8e8
23.Ra1e1 Bd6b4
24.Ne2c3 Re8xe1
25.Kxe1 dxc4
26.Kf1 cxb3
{ abandon }0-1

[Event "Marmotte chess  3"]
[Site "www.echecsemail.com"]
[Date "2026.01.30"]
[Round "1"]
[White "Kaelstrum"]
[Black "Daimyo"]
[WhiteElo "1490"]
[BlackElo "1390"]
[Result "1/2-1/2"]
1.e4 e5
2.Ng1f3 d6
3.d4 Bc8g4
4.dxe5 Nb8c6
5.exd6 Bf8xd6
6.Bf1e2 Bg4xf3
7.Be2xf3 Nc6e5
8.Bc1e3 Ng8f6
9.Nb1c3 Bd6b4
10.O-O Qd8xd1
11.Ra1xd1 Ne5xf3
12.gxf3 O-O
13.Be3d4 Bb4xc3
14.Bd4xc3 Nf6h5
15.Rd1d7 Ra8c8
16.Rf1d1 Nh5f4
17.a3 Nf4e2
18.Kg2 Ne2xc3
19.bxc3 h6
20.Rd1d4 { nul }1/2-1/2

[Event "Défi( 10J+24H/c 10J Max )"]
[Site "www.echecsemail.com"]
[Date "2026.01.30"]
[Round "1"]
[White "Vvvv"]
[Black "Matsonic"]
[WhiteElo "1710"]
[BlackElo "1820"]
[Result "0-1"]
1.e4 c5
2.Ng1f3 d6
3.d4 cxd4
4.Nf3xd4 a6
5.Nb1c3 h6
6.Bf1e2 Ng8f6
7.O-O e5
8.Nd4f3 Bf8e7
9.b3 O-O
10.Bc1b2 Nb8c6
11.h3 b5
12.Be2d3 Bc8b7
13.Nc3e2 Nc6b4
14.Ne2g3 Nb4xd3
15.cxd3 Ra8c8
16.Ng3f5 Rf8e8
17.Nf3h4 Be7f8
18.Bb2a3 a5
19.Ba3b2 d5
20.Qd1f3 d4
21.Ra1c1 g6
22.Nf5g3 Nf6h7
23.Nh4f5 gxf5
24.Ng3xf5 Kh8
25.Rc1xc8 Bb7xc8
26.Qf3h5 Qd8f6
27.Bb2c1 Bc8xf5
28.Qh5xf5 Qf6xf5
29.exf5 Nh7f6
30.Bc1d2 b4
31.Rf1c1 h5
32.Bd2g5 Nf6d5
33.Rc1c6 Nd5c3
34.Rc6a6 Nc3xa2
35.Ra6xa5 Na2c3
36.Bg5f6 Bf8g7
37.Bf6xg7 Kxg7
38.Kf1 e4
39.dxe4 Nc3xe4
40.Ra5b5 Ne4d2
41.Kg1 Nd2xb3
42.g4 Re8d8
43.Rb5xb4 Nb3c1
44.Rb4b2 d3
{ abandon }0-1

[Event "Tournoi n27399"]
[Site "www.echecsemail.com"]
[Date "2026.01.30"]
[Round "1"]
[White "Legrillon"]
[Black "Tiounet"]
[WhiteElo "1750"]
[BlackElo "1660"]
[Result "1-0"]
1.e4 a6
2.d4 b5
3.c4 bxc4
4.Bf1xc4 Bc8b7
5.d5 g6
6.Nb1c3 Bf8g7
7.Bc1g5 Ng8f6
8.e5 Nf6h5
9.Ng1f3 O-O
10.Qd1d2 d6
11.Bg5h6 Nb8d7
12.Bh6xg7 Nh5xg7
13.Qd2h6 Ng7f5
14.Qh6d2 dxe5
15.O-O Kh8
16.Rf1e1 f6
17.b4 Nd7b6
18.Bc4b3 Qd8d6
19.a3 Kg7
20.Nc3e4 Qd6d8
21.Ra1d1 Nf5d6
22.Ne4xd6 cxd6
23.Re1e4 Ra8c8
24.Re4h4 g5
25.Rh4e4 h5
26.h3 Kg6
27.Bb3c2 Nb6xd5
28.Re4xe5 Kg7
29.Re5xd5 Bb7xd5
30.Nf3xg5 Rc8xc2
31.Qd2xd5 fxg5
32.Qd5xg5 Kh8
33.Qg5h6 Kg8
34.Qh6g6 Kh8
35.Qg6xc2 Qd8b6
36.Qc2c3 e5
37.Rd1d2 Kg7
38.Qc3g3 Kh6
39.Qg3d3 Rf8f6
40.Qd3c4 Qb6b5
41.Qc4g8 Qb5c6
42.Qg8h8 Kg6
43.Qh8g8 Kh6
44.Qg8h8 Kg5
45.Qh8g8 Kf5
46.Qg8h7 Ke6
47.Qh7xh5 Qc6c1
48.Rd2d1 Qc1xa3
49.Qh5g4 Ke7
50.Qg4c8 Qa3a4
51.Qc8b7 Ke6
52.Qb7c8 Kf7
53.Qc8c7 Ke6
54.Rd1xd6 Kf5
55.Qc7c8 Kg5
56.Qc8g4 { abandon }1-0

[Event "Défi"]
[Site "www.echecsemail.com"]
[Date "2026.01.30"]
[Round "1"]
[White "Chomi64"]
[Black "Ephixe"]
[WhiteElo "1890"]
[BlackElo "1810"]
[Result "1-0"]
1.d4 e5
2.dxe5 f6
3.exf6 Ng8xf6
4.Bc1g5 Bf8e7
5.Nb1c3 O-O
6.e3 d6
7.Bf1c4 Kh8
8.Ng1f3 Bc8g4
9.h3 Bg4h5
10.Qd1d2 Bh5xf3
11.gxf3 Nf6d7
12.Bg5f4 Nb8c6
13.a3 Nc6e5
14.Bc4e2 a6
15.O-O-O g5
16.Bf4g3 Ne5xf3
17.Qd2d5 Nf3e5
18.Qd5d4 Be7f6
19.Qd4e4 Nd7c5
20.Qe4g2 Kg7
21.h4 h6
22.hxg5 hxg5
23.Nc3e4 Nc5xe4
24.Qg2xe4 Ne5g6
25.Be2d3 Qd8e8
26.Qe4xb7 Rf8f7
27.Qb7e4 Rf7e7
28.Qe4f5 Ra8b8
29.Rh1h5 Bf6xb2
30.Kd2 Bb2f6
31.Rd1h1 Qe8f7
32.Rh5h7 { abandon }1-0

[Event "Tournoi échelle champions"]
[Site "www.echecsemail.com"]
[Date "2026.01.30"]
[Round "1"]
[White "Pgo"]
[Black "Alain64"]
[WhiteElo "1750"]
[BlackElo "2080"]
[Result "0-1"]
1.e4 c5
2.Ng1f3 e6
3.e5 d5
4.Bf1b5 Nb8c6
5.O-O Ng8e7
6.d4 a6
7.Bb5xc6 Ne7xc6
8.dxc5 Bf8xc5
9.Bc1g5 Bc5e7
10.Bg5xe7 Qd8xe7
11.Nb1c3 O-O
12.a3 b5
13.b4 Bc8b7
14.h3 Ra8c8
15.Rf1e1 Nc6xe5
16.Nf3xe5 Rc8xc3
17.Qd1d2 Qe7c7
18.Ra1c1 Rf8c8
19.Re1e2 Rc3xa3
20.Re2e3 Ra3xe3
21.Qd2xe3 f6
22.Ne5d3 e5
23.Nd3c5 d4
24.Qe3d3 Qc7c6
25.f3 Bb7a8
26.Qd3b3 Kh8
27.Qb3f7 a5
28.Nc5e6 Rc8g8
29.bxa5 Qc6c3
30.Qf7c7 Qc3e3
31.Kh2 Qe3xc1
32.a6 h5
33.a7 h4
34.Qc7b8 Qc1xc2
35.Ne6c7 Qc2c6
36.Nc7xb5 d3
37.Nb5c7 d2
38.Nc7xa8 Qc6xa8
39.Qb8d6 Rg8d8
{ abandon }0-1

[Event "Coupe Niveau 5"]
[Site "www.echecsemail.com"]
[Date "2026.01.30"]
[Round "1"]
[White "Breitenbach"]
[Black "Alain64"]
[WhiteElo "2250"]
[BlackElo "2090"]
[Result "1-0"]
1.e4 e6
2.d4 d5
3.e5 c5
4.c3 Nb8c6
5.Ng1f3 Bc8d7
6.a3 c4
7.g3 Nc6a5
8.Nb1d2 Na5b3
9.Nd2xb3 Bd7a4
10.Nf3d2 cxb3
11.Bf1d3 Qd8b6
12.O-O f5
13.Nd2f3 Ra8c8
14.Qd1e2 Ng8e7
15.Bc1e3 Ne7g6
16.c4 Ba4c6
17.Nf3g5 Ke7
18.Ng5xe6 Kxe6
19.Bd3xf5 Kxf5
20.Qe2f3 Ke6
21.Qf3g4 Kf7
22.Qg4xc8 Bf8e7
23.Qc8f5 Ke8
24.c5 Qb6c7
25.f4 a5
26.a4 Qc7d7
27.e6 Qd7c8
28.Qf5f7 Kd8
29.f5 Rh8f8
30.Qf7xg7 Ng6h8
31.Be3g5 { abandon }1-0

[Event "Tournoi n27427"]
[Site "www.echecsemail.com"]
[Date "2026.01.30"]
[Round "1"]
[White "Tiounet"]
[Black "Wenoketo"]
[WhiteElo "1580"]
[BlackElo "1690"]
[Result "0-1"]
1.a3 d5
2.b4 Ng8f6
3.Bc1b2 e6
4.g3 Bf8e7
5.Bf1g2 O-O
6.e3 Nb8d7
7.Ng1e2 Ra8b8
8.O-O b6
9.d3 h6
10.Nb1d2 Bc8b7
11.Ra1c1 c5
12.bxc5 Nd7xc5
13.Nd2b3 Nc5xb3
14.cxb3 Rb8c8
15.Ne2d4 Rc8xc1
16.Qd1xc1 Qd8c8
17.Nd4b5 a6
18.Nb5d4 Qc8xc1
19.Rf1xc1 Rf8c8
20.b4 Rc8xc1
21.Bb2xc1 Nf6e8
22.Bc1b2 Be7f6
23.Bb2c1 Ne8d6
24.Nd4e2 Bb7c8
25.d4 Nd6c4
26.Bg2f1 b5
27.Ne2f4 Bc8b7
28.Nf4d3 Bf6e7
29.Nd3c5 Be7xc5
30.dxc5 Bb7c6
31.Bf1d3 e5
32.Bd3f5 a5
33.Bf5c8 axb4
34.axb4 e4
35.Kg2 Nc4e5
36.Bc1b2 Ne5d3
37.Bb2c3 Kf8
38.h4 Ke7
39.g4 Kd8
40.Bc8a6 f6
41.f3 exf3
42.Kf1 Ke7
43.Ba6c8 g6
44.h5 g5
45.Bc8f5 Nd3e5
46.Bc3d4 Bc6d7
47.Kf2 Bd7xf5
48.gxf5 Ne5d3
49.Kxf3 Nd3xb4
50.Ke2 Nb4c6
51.Bd4c3 Nc6d8
52.Kd3 Nd8c6
53.e4 dxe4
54.Kxe4 b4
55.Bc3b2 Nc6a5
56.Kd5 Kd7
57.Bb2xf6 Na5c6
58.Bf6g7 Nc6e7
59.Kc4 Ne7xf5
60.Kxb4 Nf5xg7
61.Kb5 Kc7
{ abandon }0-1

[Event "Défi"]
[Site "www.echecsemail.com"]
[Date "2026.01.30"]
[Round "1"]
[White "Roger72"]
[Black "Kerenor"]
[WhiteElo "1270"]
[BlackElo "1590"]
[Result "0-1"]
1.e4 e5
2.Bf1c4 Ng8f6
3.d3 h6
4.Ng1f3 Nb8c6
5.Bc1e3 a6
6.a3 d6
7.Nb1d2 Bc8g4
8.O-O Nc6a5
9.b4 Na5c6
10.b5 axb5
11.Bc4xb5 Bf8e7
12.a4 Bg4d7
13.c3 Nc6a7
14.Bb5c4 Bd7c6
15.a5 Na7b5
16.Nd2b1 b6
17.a6 O-O
18.Bc4b3 Bc6b7
19.c4 Nb5d4
20.Nb1d2 Bb7c6
21.a7 Qd8c8
22.Nf3h4 Qc8b7
23.c5 dxc5
24.Be3xd4 exd4
25.Rf1e1 Nf6h7
26.Qd1g4 Ra8xa7
27.Nh4f5 Be7g5
28.Ra1xa7 Qb7xa7
29.Nd2f3 Nh7f6
30.Qg4h3 Bg5f4
31.Nf5e7 Kh8
32.Ne7xc6 Qa7a8
33.Nc6e7 Qa8a3
34.Bb3xf7 Rf8xf7
35.Qh3c8 Kh7
36.e5 Rf7xe7
{ abandon }0-1

[Event "Tournoi n27408"]
[Site "www.echecsemail.com"]
[Date "2026.01.30"]
[Round "1"]
[White "Nicadria22"]
[Black "Blackrider"]
[WhiteElo "1890"]
[BlackElo "1740"]
[Result "1-0"]
1.e4 e6
2.d4 d6
3.Ng1f3 h6
4.Nb1c3 c6
5.Bf1d3 g6
6.Bc1f4 Bf8g7
7.Qd1d2 Ng8e7
8.a4 a5
9.O-O Nb8a6
10.Nc3a2 e5
11.dxe5 dxe5
12.Bf4xe5 f6
13.Be5d4 c5
14.Bd4c3 b6
15.Bd3c4 Bc8b7
16.Rf1e1 Qd8xd2
17.Bc3xd2 O-O-O
18.Bd2f4 g5
19.Bc4e6 Rd8d7
20.Be6xd7 Kxd7
21.Ra1d1 Ke6
22.Bf4g3 Kf7
23.Rd1d6 Ne7c8
24.Rd6d7 Kg6
25.Rd7xb7 c4
26.Na2c3 Na6b4
27.Re1e2 Rh8e8
28.Bg3c7 f5
29.exf5 { abandon }1-0

[Event "Transval 2"]
[Site "www.echecsemail.com"]
[Date "2026.01.30"]
[Round "1"]
[White "Titit1"]
[Black "Patau"]
[WhiteElo "1450"]
[BlackElo "1690"]
[Result "0-1"]
1.d4 d5
2.Ng1f3 Ng8f6
3.Bc1f4 e6
4.Nb1d2 c5
5.Nd2b3 cxd4
6.Nf3xd4 Nb8c6
7.Nd4b5 e5
8.Bf4g5 Bc8e6
9.e3 h6
10.Bg5h4 Bf8e7
11.Bf1e2 Nf6e4
12.Bh4xe7 Qd8xe7
13.O-O O-O
14.f3 Ne4c5
15.Nb3d2 a6
16.Nb5c3 d4
17.exd4 exd4
18.Nc3e4 Rf8e8
19.Ne4xc5 Qe7xc5
20.Nd2e4 Qc5b6
21.b3 d3
22.Kh1 dxe2
23.Qd1e1 exf1Q
24.Qe1xf1 Ra8d8
25.Ne4c3 Qb6e3
26.Nc3e4 Be6f5
27.Ra1e1 Qe3d4
28.c3 Qd4d3
29.Qf1f2 Qd3d1
30.h3 Qd1d3
31.c4 Bf5xe4
32.fxe4 Re8xe4
33.Re1xe4 Qd3xe4
34.Qf2g3 Rd8d1
35.Kh2 Qe4e1
36.Qg3c7 Qe1e5
37.Qc7xe5 Nc6xe5
38.a3 Rd1d3
39.b4 Ne5xc4
40.a4 Nc4e3
41.g3 Rd3d2
42.Kg1 f5
43.g4 Kf7
44.gxf5 Kf6
45.h4 Kxf5
46.b5 Kg4
47.bxa6 Kg3
48.axb7 Rd2d1
0-1

[Event "Tournoi échelle division 1"]
[Site "www.echecsemail.com"]
[Date "2026.01.30"]
[Round "1"]
[White "Pgo"]
[Black "Verson"]
[WhiteElo "1740"]
[BlackElo "1810"]
[Result "1-0"]
1.e4 e6
2.Ng1f3 d5
3.e5 c5
4.Bf1b5 Nb8c6
5.Nb1c3 Bc8d7
6.O-O Ng8e7
7.d3 Ne7g6
8.Bc1g5 Bf8e7
9.Bg5xe7 Qd8xe7
10.a3 O-O
11.Rf1e1 a6
12.Bb5a4 b5
13.Ba4b3 Rf8d8
14.h3 c4
15.dxc4 dxc4
16.Bb3a2 Bd7c8
17.Qd1e2 Bc8b7
18.Ra1d1 Rd8xd1
19.Nc3xd1 Ra8d8
20.Nd1c3 Nc6d4
21.Nf3xd4 Rd8xd4
22.g3 Qe7d7
23.Re1d1 h6
24.Rd1xd4 Qd7c7
25.f4 Ng6e7
26.Nc3e4 Ne7f5
27.Rd4d1 Bb7xe4
28.Qe2xe4 Nf5xg3
29.Qe4a8 Kh7
30.Kg2 Ng3f5
31.Qa8e4 g6
32.c3 Qc7c5
33.Rd1e1 Qc5c7
34.Ba2b1 Qc7d7
35.Qe4e2 Qd7c6
36.Bb1e4 Qc6c5
37.Be4xf5 gxf5
38.Qe2f3 Kg6
39.Re1d1 Qc5e7
40.Rd1d6 f6
41.Rd6xa6 fxe5
42.fxe5 Kf7
43.Qf3h5 Kg7
44.Ra6d6 Qe7b7
45.Qh5f3 { abandon }1-0

[Event "Schlacht2"]
[Site "www.echecsemail.com"]
[Date "2026.01.30"]
[Round "1"]
[White "4x4"]
[Black "Dameroi"]
[WhiteElo "1440"]
[BlackElo "1870"]
[Result "0-1"]
1.e4 e5
2.d3 Bf8c5
3.Bc1e3 Nb8a6
4.Be3xc5 Na6xc5
5.Nb1c3 Ng8f6
6.Ng1f3 d6
7.Qd1d2 Bc8d7
8.O-O-O b5
9.Nc3d5 Nf6xd5
10.exd5 a5
11.b3 c6
12.c4 cxd5
13.cxd5 Qd8b6
14.Kb1 b4
15.Qd2e3 Qb6a7
16.g3 a4
17.d4 Nc5b7
18.dxe5 O-O
19.Qe3xa7 Ra8xa7
20.Bf1c4 Rf8a8
21.e6 Bd7e8
22.Nf3d4 Nb7c5
23.Nd4c6 Be8xc6
24.dxc6 fxe6
25.Rd1xd6 axb3
26.Bc4xb3 Nc5xb3
27.axb3 Ra7a1
28.Kb2 Ra8a2
0-1

[Event "Schlacht2"]
[Site "www.echecsemail.com"]
[Date "2026.01.30"]
[Round "1"]
[White "Dameroi"]
[Black "Titit1"]
[WhiteElo "1870"]
[BlackElo "1460"]
[Result "1-0"]
1.e4 Ng8f6
2.e5 Nf6e4
3.d3 Ne4c5
4.d4 Nc5e4
5.Bf1d3 Ne4xf2
6.Kxf2 e6
7.Ng1f3 Nb8c6
8.c3 h6
9.Rh1f1 d6
10.Kg1 d5
11.Bc1e3 Bf8e7
12.Nb1d2 O-O
13.Qd1c2 Bc8d7
14.Rf1f2 a6
15.Nd2f1 b5
16.Nf1g3 Bd7e8
17.Ra1f1 g6
18.Be3xh6 Be8d7
19.Bh6xf8 Be7xf8
20.Bd3xg6 Bd7e8
21.Bg6h7 Kh8
22.Ng3h5 Qd8e7
23.Nh5f6 Bf8g7
24.Bh7g8 Bg7xf6
25.Qc2h7 1-0

[Event "Tournoi n27420"]
[Site "www.echecsemail.com"]
[Date "2026.01.30"]
[Round "1"]
[White "Domenico"]
[Black "Luc20"]
[WhiteElo "1830"]
[BlackElo "1820"]
[Result "0-1"]
1.e4 e6
2.Bf1c4 Nb8c6
3.Ng1f3 Ng8e7
4.O-O a6
5.d4 b5
6.Bc4b3 Nc6a5
7.d5 Na5xb3
8.dxe6 Nb3xa1
9.exf7 Kxf7
10.Nf3e5 Kg8
11.Nb1c3 d6
12.Ne5c6 Qd8e8
13.Nc6xe7 Qe8xe7
14.Qd1d5 Bc8e6
15.Qd5xa8 Na1xc2
16.Nc3d5 Qe7f7
17.Rf1d1 h6
18.Bc1f4 Be6xd5
19.Qa8xd5 Qf7xd5
20.Rd1xd5 Nc2b4
21.Rd5f5 Nb4xa2
22.e5 dxe5
23.Bf4xe5 Bf8d6
24.Be5xd6 cxd6
25.Rf5d5 Kh7
26.Rd5xd6 Na2b4
27.Rd6d4 Rh8c8
28.h4 Nb4c6
29.Rd4d7 Nc6e5
30.Rd7a7 Rc8c6
31.g3 h5
32.Kg2 Kh6
33.b4 Ne5d3
34.f3 Nd3xb4
35.g4 hxg4
36.fxg4 Rc6c3
37.Ra7b7 Nb4d5
38.h5 b4
39.Rb7a7 Rc3a3
{ abandon }0-1

[Event "Défi"]
[Site "www.echecsemail.com"]
[Date "2026.01.30"]
[Round "1"]
[White "Tinenfant"]
[Black "Chomi64"]
[WhiteElo "1870"]
[BlackElo "1860"]
[Result "0-1"]
1.e4 c5
2.Ng1f3 d6
3.d4 cxd4
4.Nf3xd4 g6
5.Bc1e3 Bf8g7
6.Nb1c3 a6
7.Bf1d3 Nb8c6
8.Nd4xc6 Bg7xc3
9.bxc3 bxc6
10.O-O Ng8f6
11.Qd1d2 Nf6g4
12.h3 Ng4xe3
13.Qd2xe3 h6
14.Ra1e1 e6
15.c4 Qd8a5
16.Re1a1 Ra8b8
17.Qe3d4 Qa5e5
18.Qd4xe5 dxe5
19.Kh2 c5
20.Kg3 O-O
21.Ra1b1 Bc8d7
22.Kf3 a5
23.Rf1d1 Bd7a4
24.Kg4 Kg7
25.Rd1c1 f6
26.f4 exf4
27.Kxf4 e5
28.Kf3 Ba4c6
29.c3 a4
30.g4 g5
31.Kg3 Rf8d8
32.Rc1d1 Rb8xb1
{ abandon }0-1

[Event "Tournoi échelle champions"]
[Site "www.echecsemail.com"]
[Date "2026.01.30"]
[Round "1"]
[White "Elghribi"]
[Black "Pgo"]
[WhiteElo "1920"]
[BlackElo "1740"]
[Result "0-1"]
1.e4 e5
2.Ng1f3 Nb8c6
3.d4 exd4
4.Nf3xd4 Qd8f6
5.Bc1e3 Bf8c5
6.c3 Ng8e7
7.Bf1e2 O-O
8.O-O Bc5xd4
9.cxd4 d6
10.Nb1c3 a6
11.f3 h6
12.Qd1d2 b5
13.a3 Rf8d8
14.Ra1c1 Bc8b7
15.b4 g5
16.Be2d1 Qf6g6
17.Bd1c2 Qg6g7
18.f4 f6
19.d5 Nc6b8
20.Nc3e2 c6
21.Bc2b3 cxd5
22.fxg5 hxg5
23.Rf1d1 Kf8
24.Rc1c7 Rd8d7
25.Rc7xd7 Nb8xd7
26.exd5 Nd7e5
27.Ne2c3 Ra8c8
28.Nc3e4 Rc8d8
29.h3 Ne7f5
30.Be3f2 g4
31.hxg4 Qg7xg4
32.Ne4g5 fxg5
{ abandon }0-1

[Event "Défi"]
[Site "www.echecsemail.com"]
[Date "2026.01.30"]
[Round "1"]
[White "Dan84"]
[Black "Tartu"]
[WhiteElo "1630"]
[BlackElo "1710"]
[Result "0-1"]
1.e4 c6
2.c3 d5
3.e5 Bc8f5
4.Nb1a3 h6
5.d3 e6
6.b4 c5
7.Na3c2 cxb4
8.cxb4 a6
9.g4 Bf5g6
10.h4 Qd8b6
11.a3 Nb8c6
12.Bc1e3 d4
13.Be3c1 Ra8c8
14.Bc1b2 Nc6xe5
15.Bb2xd4 Qb6b5
16.Rh1h3 Ng8f6
17.g5 hxg5
18.Rh3e3 Nf6g4
19.Re3h3 Rh8xh4
20.Rh3xh4 gxh4
21.Nc2e3 Ng4xe3
22.fxe3 Ne5xd3
23.Kd2 Qb5f5
24.Ng1h3 Nd3f2
25.Nh3xf2 Qf5xf2
26.Qd1e2 Qf2xe2
27.Bf1xe2 Rc8c2
28.Kd1 b5
29.Be2f3 h3
30.Ke1 Bg6d3
31.Kd1 g6
32.Ra1c1 Rc2xc1
33.Kxc1 Bf8h6
34.Kd2 Bd3c4
35.Ke1 Bc4d5
36.e4 Bd5c4
37.Kf2 Bh6f4
38.Bd4e3 Bf4xe3
39.Kxe3 f5
40.Kf2 g5
41.exf5 exf5
42.Kg3 Bc4f1
43.Bf3b7 f4
44.Kg4 Bf1g2
45.Bb7xa6 h2
46.Ba6xb5 Kd8
{ abandon }0-1

[Event "Défi"]
[Site "www.echecsemail.com"]
[Date "2026.01.30"]
[Round "1"]
[White "Bibisept"]
[Black "Arno"]
[WhiteElo "1960"]
[BlackElo "1770"]
[Result "1-0"]
1.d4 Ng8f6
2.Ng1f3 d5
3.c4 c5
4.dxc5 a5
5.Nb1c3 e6
6.Bc1g5 Bf8xc5
7.cxd5 Qd8b6
8.e3 Qb6xb2
9.Bg5xf6 gxf6
10.Qd1c1 Qb2xc1
11.Ra1xc1 Bc5b4
12.Bf1b5 Ke7
13.e4 Rh8g8
14.O-O Bb4xc3
15.Rc1xc3 b6
16.Rf1c1 Bc8d7
17.Rc3c7 Rg8d8
18.Bb5xd7 Rd8xd7
19.Rc7xd7 Nb8xd7
20.Rc1c6 Ra8b8
21.h4 exd5
22.exd5 b5
23.Nf3d4 Nd7e5
24.Nd4f5 Ke8
25.Rc6xf6 Rb8b6
26.Rf6xb6 { abandon }1-0

[Event "Tournoi échelle division 1"]
[Site "www.echecsemail.com"]
[Date "2026.01.30"]
[Round "1"]
[White "Patau"]
[Black "Luc20"]
[WhiteElo "1700"]
[BlackElo "1820"]
[Result "0-1"]
1.e4 e6
2.d4 d5
3.exd5 exd5
4.Bf1d3 Ng8f6
5.h3 c5
6.c3 c4
7.Bd3c2 Nb8c6
8.Qd1f3 b5
9.Ng1e2 Bc8b7
10.O-O Bf8e7
11.Bc1f4 O-O
12.Nb1d2 Rf8e8
13.Ne2g3 Be7f8
14.Ra1e1 Nc6e7
15.Bf4e5 Ne7g6
16.Be5xf6 Qd8xf6
17.Qf3xf6 gxf6
18.Re1xe8 Ra8xe8
19.Nd2f3 Bb7c8
20.Rf1e1 Bc8d7
21.Re1xe8 Bd7xe8
22.Ng3f5 Ng6f4
23.Kf1 a5
24.Nf3d2 Be8d7
25.b3 Bf8a3
26.bxc4 bxc4
27.Nf5e3 Bd7c6
28.Nd2f3 Ba3b2
29.Ne3d1 Bb2a1
30.Bc2f5 Bc6a4
31.Ke1 Ba4xd1
32.Kxd1 Ba1xc3
33.g3 Nf4e6
34.Bf5xe6 fxe6
35.Kc2 Bc3b4
36.Nf3d2 Kf7
37.Nd2f3 Ke7
38.g4 Kf7
39.Nf3d2 Bb4xd2
40.Kxd2 Kg6
41.f4 h5
42.a4 hxg4
43.hxg4 Kf7
{ abandon }0-1